| 000 -LEADER |
| fixed length control field |
01060nam a2200253Ia 4500 |
| 001 - CONTROL NUMBER |
| control field |
19452 |
| 003 - CONTROL NUMBER IDENTIFIER |
| control field |
GE_BSU |
| 008 - FIXED-LENGTH DATA ELEMENTS--GENERAL INFORMATION |
| fixed length control field |
181216s||||||||xx |||||||||||||| ||und|| |
| 040 ## - CATALOGING SOURCE |
| Transcribing agency |
GE_BSU |
| 080 ## - UNIVERSAL DECIMAL CLASSIFICATION NUMBER |
| Universal Decimal Classification number |
811.353.3'282 |
| 100 ## - MAIN ENTRY--PERSONAL NAME |
| Personal name |
იმნაძე, ნათელა |
| 245 ## - TITLE STATEMENT |
| Title |
ზანური ენის მეგრული დიალექტის ბგერითი შემადგენლობა |
| 245 ## - TITLE STATEMENT |
| Remainder of title |
(ექსპერიმენტული გამოკვლევა) |
| 245 ## - TITLE STATEMENT |
| Statement of responsibility, etc. |
რედ.: ზ. ჯაფარიძე |
| 250 ## - EDITION STATEMENT |
| Edition statement |
ენათმეცნიერების ინ-ტი |
| 260 ## - PUBLICATION, DISTRIBUTION, ETC. |
| Place of publication, distribution, etc. |
თბილისი |
| 260 ## - PUBLICATION, DISTRIBUTION, ETC. |
| Name of publisher, distributor, etc. |
მეცნიერება |
| 260 ## - PUBLICATION, DISTRIBUTION, ETC. |
| Date of publication, distribution, etc. |
1981 |
| 300 ## - PHYSICAL DESCRIPTION |
| Extent |
100გვ; ილ. 9 ფ. ილ; 21სმ |
| 300 ## - PHYSICAL DESCRIPTION |
| Other physical details |
რეზ. რუს.ენაზე |
| 653 ## - INDEX TERM--UNCONTROLLED |
| Uncontrolled term |
- ზანური ენის მეგრული დიალექტი; მეგრული ენის ფონეტიკა; |
| 942 ## - ADDED ENTRY ELEMENTS (KOHA) |
| Koha item type |
წიგნი |